Nonmetals - Periodic Table Map - Statistics

General Stats
  • This quiz has been taken 8 times
  • The average score is 6 of 7
Answers on the Map
Answers color-coded by a green-red scale on the quiz's map according to % correct below.
 
Answer Stats
Answer % Correct
Oxygen
100%
Carbon
86%
Hydrogen
86%
Nitrogen
86%
Selenium
71%
Sulfur
71%
Phosphorus
57%
No matching quizzes found
Score Distribution
Percent of People with Each Score
Percentile by Number Answered
Your Score History
You have not taken this quiz